[Event "Ostrava op"]
[Site "Ostrava"]
[Date "1998.??.??"]
[Round "?"]
[White "Pavlicek, Rudolf"]
[Black "Horakova, Dana"]
[Result "1/2-1/2"]
[WhiteElo "2020"]
[BlackElo "2120"]
[PlyCount "37"]
[EventDate "1998.??.??"]
[EventType "swiss"]
[EventRounds "10"]
[EventCountry "CZE"]
[SourceTitle "EXT 2006"]
[Source "ChessBase"]
[SourceDate "2005.11.24"]
[SourceVersion "1"]
[SourceVersionDate "2005.11.24"]
[SourceQuality "1"]

1. d4 d5 2. c4 c6 3. Nf3 Nf6 4. Nc3 dxc4 5. a4 Bf5 6. e3 e6 7. Bxc4 Bb4 8. 0-0 a5 9. Qe2 0-0 10. Ne5 Nbd7 11. e4 Bg6 12. Nxg6 hxg6 13. e5 Nd5 14. Ne4 Be7 15. Qg4 c5 16. f4 cxd4 17. Rf3 Rc8 18. b3 Rc6 19. Rh3 1/2-1/2

[Event "Ostrava op"]
[Site "Ostrava"]
[Date "1998.??.??"]
[Round "?"]
[White "Pavlicek, Rudolf"]
[Black "Snopek, Jiri"]
[Result "1/2-1/2"]
[WhiteElo "2020"]
[BlackElo "1945"]
[PlyCount "51"]
[EventDate "1998.??.??"]
[EventType "swiss"]
[EventRounds "10"]
[EventCountry "CZE"]
[SourceTitle "EXT 2006"]
[Source "ChessBase"]
[SourceDate "2005.11.24"]
[SourceVersion "1"]
[SourceVersionDate "2005.11.24"]
[SourceQuality "1"]

1. d4 d5 2. c4 e6 3. Nf3 Nf6 4. Bg5 c6 5. Nc3 dxc4 6. a4 Bb4 7. e3 h6 8. Bh4 g5 9. Bg3 Nd5 10. Qc2 Qa5 11. Rc1 b5 12. Be5 Rg8 13. Be2 Nd7 14. 0-0 Bxc3 15. bxc3 Bb7 16. axb5 cxb5 17. Qb2 Qb6 18. Ra1 f6 19. Bg3 h5 20. h4 g4 21. Nd2 f5 22. e4 Ne7 23. exf5 Nxf5 24. Rfe1 0-0-0 25. Reb1 Nxg3 26. fxg3 1/2-1/2

[Event "Ostrava op"]
[Site "Ostrava"]
[Date "1998.??.??"]
[Round "?"]
[White "Sisak, Richard"]
[Black "Pavlicek, Rudolf"]
[Result "1-0"]
[WhiteElo "2220"]
[BlackElo "2020"]
[PlyCount "75"]
[EventDate "1998.??.??"]
[EventType "swiss"]
[EventRounds "10"]
[EventCountry "CZE"]
[SourceTitle "EXT 2006"]
[Source "ChessBase"]
[SourceDate "2005.11.24"]
[SourceVersion "1"]
[SourceVersionDate "2005.11.24"]
[SourceQuality "1"]

1. d4 Nf6 2. c4 e6 3. g3 d5 4. Bg2 b6 5. Nf3 Bb7 6. Ne5 Be7 7. Qa4+ c6 8. 0-0 0-0 9. Nc3 Qc8 10. Rd1 Nbd7 11. e4 Nxe5 12. dxe5 Ng4 13. exd5 cxd5 14. cxd5 Nxe5 15. Bf4 Ng6 16. Be3 Bc5 17. Bxc5 Qxc5 18. Ne4 Qc7 19. d6 Qd8 20. Nf6+ Qxf6 21. Bxb7 Rad8 22. Qxa7 Qxb2 23. Rab1 Qe2 24. a4 h5 25. Qxb6 h4 26. Qe3 Qc2 27. a5 Rxd6 28. Rdc1 Qa4 29. Ra1 Qd7 30. a6 h3 31. Qc5 Rd8 32. Bf3 Rd3 33. Be2 Rd5 34. Qc7 Ne5 35. Qxd7 R5xd7 36. f4 Rd2 37. Kf1 Nd3 38. Rd1 1-0